Base neurofisiológica para el tratamiento de la parálisis cerebral (Registro nro. 42045)
[ vista simple ]
| 000 -ENCABEZADO | |
|---|---|
| Número de control [NR] | 00686nam a2200193Ia 4500 |
| 008 - DE LONGITUD FIJA DE DATOS DE ELEMENTOS - INFORMACIÓN GENERAL | |
| Elementos de longitud fija [NR] | 130821s1982 ag a gr spa |
| 040 ## - FUENTE DE CATALOGACION [NR] | |
| Agencia de catalogación original [NR] | Co-BoUCM |
| Idioma de catalogación [NR] | spa |
| 041 00 - CODIGO DE IDIOMA [R] | |
| Código de idioma para texto/pista de sonido o título separado [R] | Español |
| 060 04 - SIGNATURA TOPOGRAFICA DE LA BIBLIOTECA NACIONAL DE MEDICINA (NLM) [R] | |
| Número clasificador [R] | WS 340 |
| 100 ## - ASIENTO PRINCIPAL--NOMBRE PERSONAL [NR] | |
| Nombre personal [NR] | Bobath, Karel |
| 245 10 - MENCION DE TITULO [NR] | |
| Título [NR] | Base neurofisiológica para el tratamiento de la parálisis cerebral |
| Mención de responsabilidad, etc. [NR] | Karel Bobath |
| 260 ## - PUBLICACION, DISTRIBUCION, ETC. (PIE DE IMPRENTA) [R] | |
| Lugar de publicación, distribución, etc. [R] | Buenos Aires (Argentina) |
| Nombre del editor, distribuidor, etc. [R] | Editorial Medica Panamericana |
| Fecha de publicación, distribución, etc. [R] | 1982 |
| 300 ## - DESCRIPCION FISICA [R] | |
| Extensión [R] | 133 páginas |
| Otros detalles físicos [NR] | ilustraciones |
| 650 04 - ASIENTO SECUNDARIO DE MATERIA - TERMINO TEMATICO [R] | |
| Término temático o nombre geográfico como elemento de entrada [NR] | Enfermedades del sistema nervioso |
| 9 (RLIN) | 14383 |
| 650 04 - ASIENTO SECUNDARIO DE MATERIA - TERMINO TEMATICO [R] | |
| Término temático o nombre geográfico como elemento de entrada [NR] | Neurología |
| 9 (RLIN) | 20299 |
| 650 04 - ASIENTO SECUNDARIO DE MATERIA - TERMINO TEMATICO [R] | |
| Término temático o nombre geográfico como elemento de entrada [NR] | Parálisis cerebral |
| 9 (RLIN) | 21066 |
| 650 04 - ASIENTO SECUNDARIO DE MATERIA - TERMINO TEMATICO [R] | |
| Término temático o nombre geográfico como elemento de entrada [NR] | Trastornos del movimiento en niños |
| 9 (RLIN) | 25784 |
| 942 ## - ELEMENTOS DE ENTRADA AGREGADOS (KOHA) | |
| Tipo de ítem principal el descrito en 300a | Libro |
| Tema principal | Medicina |
| Edición | 1 |
| Parte restante de la signatura top. | B663b |
| Sistema de clasificación | NLM |
| Clasificación | WS 340 |
| Título oculto en OPAC | No |
| Fecha de último préstamo | Total préstamos | Total Renewals | Signatura topográfica | Código de barras | Última vez visto | Volúmen / Fascículo | Ejemplar | Price effective from | Tipo de ítem | Perdido | Sistema de clasificación | Dañado | No prestable | Tipo de ítem específico | Suprimido | Ubicación habitual | Ubicación actual | Localización | Fecha de creación | Forma de adquisición | Costo |
|---|---|---|---|---|---|---|---|---|---|---|---|---|---|---|---|---|---|---|---|---|---|
| 11/11/2025 | 229 | 4 | WS 340 B663b | 200007550 | 12/12/2025 | 2a. Ed. | Ej.6 | 03/02/2013 | Libro | NLM | Libro | Quinta de Mutis | Quinta de Mutis | 2do piso | 28/02/2004 | Compra | 0.00 | ||||
| 11/11/2025 | 28 | 9 | WS 340 B663b | 200003110 | 12/12/2025 | 2a. Ed. | Ej.4 | 03/02/2013 | Libro | NLM | Libro | Quinta de Mutis | Quinta de Mutis | 2do piso | 28/02/2004 | Compra | 0.00 | ||||
| 04/10/2023 | 33 | 10 | WS 340 B663b | 200003107 | 12/12/2025 | 2a. Ed. | Ej.1 | 03/02/2013 | Libro | NLM | Libro | Quinta de Mutis | Quinta de Mutis | 2do piso | 28/02/2004 | Donación | 0.00 | ||||
| 16/04/2026 | 80 | 35 | WS 340 B663b | 200007549 | 14/05/2026 | 2a. Ed. | Ej.5 | 03/02/2013 | Libro | NLM | Libro | Quinta de Mutis | Quinta de Mutis | 2do piso | 28/02/2004 | Compra | 0.00 |